000 00285nam a22001337a 4500
008 170208b xxu||||| |||| 00| 0 eng d
020 _a9781405105095
041 _aeng
080 _23RD
_a61
100 _a4
101 _aSHM
245 _aBOARDS AND WARDS
_cAYALA, C
942 _2udc
_cBK
999 _c4878
_d4878